[Event "10th Dos Hermanas it"]
[Site "Dos Hermanas ESP"]
[Date "1999.04.11"]
[Round "5"]
[White "Svidler, Peter"]
[Black "Anand, Viswanathan"]
[Result "1/2-1/2"]
[WhiteElo "2713"]
[BlackElo "2781"]
[EventDate "1999.04.05"]
[PlyCount "138"]

1.e4 e5 2.Nf3 Nc6 3.Bb5 a6 4.Ba4 Nf6 5.O-O Nxe4 6.d4 b5 7.Bb3 d5 8.dxe5 
Be6 9.Nbd2 Nc5 10.c3 d4 11.Ng5 Bd5 12.Nxf7 Kxf7 13.Qf3+ Ke6 14.Qg4+ Ke7 
15.e6 Bxe6 16.Re1 Qd7 17.Bxe6 Nxe6 18.Nf3 Re8 19.Ng5 Nd8 20.Bd2 h6 21.Nf3 
Qd5 22.Re5 Qd6 23.cxd4 h5 24.Qe4 Kf7 25.d5 Kg8 26.Qg6 Re7 27.Rae1 Nd4 28.
Qxd6 Nxf3+ 29.gxf3 cxd6 30.Rxe7 Bxe7 31.Rxe7 Nf7 32.Ra7 h4 33.Ra8+ Kh7 34.
Rxa6 Kg6 35.Rb6 Rc8 36.Rxb5 Rc2 37.Bc3 h3 38.Kf1 Ng5 39.Rb7 Nxf3 40.Rxg7+ 
Kf5 41.Rg3 Ke4 42.Rxh3 Rc1+ 43.Ke2 Rxc3 44.bxc3 Ng1+ 45.Kf1 Nxh3 46.a4 
Kxd5 47.Kg2 Ng5 48.h4 Ne4 49.h5 Ke6 50.c4 Nd2 51.a5 Nxc4 52.a6 Nb6 53.a7 
Kf5 54.f4 Na8 55.Kf3 d5 56.Ke3 Nc7 57.Kd2 Kf6 58.Kc2 Kf5 59.Kb3 d4 60.Kc4 
Kf6 61.Kd3 Kf5 62.Ke2 Kf6 63.Kf2 Kf5 64.Kf3 Na8 65.Ke2 Nc7 66.Kd3 Kf6 67.
Ke4 Kf7 68.f5 Kf6 69.h6 Kf7 {It's incredible.White accepts draw in the 
situation when a win as close as never. Hecht,Hj: '[#] Entgegen meinen 
Anmerkungen im Vorspann ist Anand berraschenderweise doch verloren. Wenn 
Swidler seinen a-Bauern gegen den d-Bauern hergibt, stellt er dabei den 
Springer so schlecht, da@echt, der entweder gar nicht mehr eingreifen kann
oder aber selbst den Verlust verursacht. Das geht so:'} 1/2-1/2